Learn better : Mastering the skills for success in life, business, and school, or, how to become an expert in just about anything
Learn Better will revolutionize the way students and society alike approach learning and makes the case that being smart is not an innate ability—learning is a skill everyone can master. With Boser as your guide, you will be able to fully capitalize on your brain’s remarkable ability to gain new ski...
Enregistré dans:
| Auteur principal: | |
|---|---|
| Format: | Livre |
| Langue: | Undetermined |
| Publié: |
New York
Rodale
2017
|
| Sujets: | |
| Tags: |
Ajouter un tag
Pas de tags, Soyez le premier à ajouter un tag!
|
| Thư viện lưu trữ: | Trung tâm Học liệu Trường Đại học Cần Thơ |
|---|
| LEADER | 00956nam a2200205Ia 4500 | ||
|---|---|---|---|
| 001 | CTU_226556 | ||
| 008 | 210402s9999 xx 000 0 und d | ||
| 082 | |a 370.1523 | ||
| 082 | |b B743 | ||
| 100 | |a Boser, Ulrich, | ||
| 245 | 0 | |a Learn better : | |
| 245 | 0 | |b Mastering the skills for success in life, business, and school, or, how to become an expert in just about anything | |
| 245 | 0 | |c Ulrich Boser | |
| 260 | |a New York | ||
| 260 | |b Rodale | ||
| 260 | |c 2017 | ||
| 520 | |a Learn Better will revolutionize the way students and society alike approach learning and makes the case that being smart is not an innate ability—learning is a skill everyone can master. With Boser as your guide, you will be able to fully capitalize on your brain’s remarkable ability to gain new skills and open up a whole new world of possibilities. | ||
| 650 | |a Học tập,Learning | ||
| 910 | |b dqhieu | ||
| 980 | |a Trung tâm Học liệu Trường Đại học Cần Thơ | ||